SATELLITE COMMUNITIONS 5.95 (Record no. 779405)

MARC details
000 -LEADER
fixed length control field 00377pam a2200157a 44500
008 - FIXED-LENGTH DATA ELEMENTS--GENERAL INFORMATION
fixed length control field 230405s1986 xxu||||| |||| 00| 0 eng d
041 ## - LANGUAGE CODE
Language code of text/sound track or separate title ENG
100 ## - MAIN ENTRY--PERSONAL NAME
Personal name TIMOTHY PRATI
245 ## - TITLE STATEMENT
Title SATELLITE COMMUNITIONS 5.95
260 ## - PUBLICATION, DISTRIBUTION, ETC.
Place of publication, distribution, etc. NONE
Name of publisher, distributor, etc. SIMULTANEAULSY IN CANADA
Date of publication, distribution, etc. 1986
300 ## - PHYSICAL DESCRIPTION
Extent 959p.
440 ## - SERIES STATEMENT/ADDED ENTRY--TITLE
Title RS.297=50
690 ## - LOCAL SUBJECT ADDED ENTRY--TOPICAL TERM (OCLC, RLIN)
Topical term or geographic name as entry element EJ
700 ## - ADDED ENTRY--PERSONAL NAME
Personal name CHARLES BOSTIAN
906 ## - LOCAL DATA ELEMENT F, LDF (RLIN)
a 1024
Holdings
Withdrawn status Lost status Damaged status Not for loan Collection Home library Current library Shelving location Date acquired Total Checkouts Full call number Barcode Date last seen Price effective from Koha item type
          Institute of Technology(Poly), Kolhapur Institute of Technology(Poly), Kolhapur   27/04/2013   621.38853/PRA,BOS ITK-3021 26/07/2023 26/07/2023 Book
          Institute of Technology(Poly), Kolhapur Institute of Technology(Poly), Kolhapur   27/04/2013   621.38853/PRA,BOS ITK-3020 26/07/2023 26/07/2023 Book